Hình thành phẩm chất người lao động mới cho sinh viên /
Shranjeno v:
| Glavni avtor: | |
|---|---|
| Format: | Bài viết |
| Jezik: | Vietnamese |
| Teme: | |
| Oznake: |
Označite
Brez oznak, prvi označite!
|
| Thư viện lưu trữ: | Thư viện Trường Đại học Đà Lạt |
|---|
| LEADER | 00818nam a2200277 4500 | ||
|---|---|---|---|
| 001 | DLU180184514 | ||
| 005 | ##20180418 | ||
| 040 | # | # | |a DLU |b vie |
| 041 | # | # | |a vie |
| 044 | # | # | |a vn |
| 100 | # | # | |a Nguyễn Quang Hùng. |
| 245 | # | # | |a Hình thành phẩm chất người lao động mới cho sinh viên / |c Nguyễn Quang Hùng. |
| 653 | # | # | |a Giáo dục nghề |
| 653 | # | # | |a Người lao động |
| 653 | # | # | |a Phẩm chất |
| 653 | # | # | |a Sinh viên |
| 773 | # | # | |t Tạp chí Văn hoá nghệ thuật |g Số 384, 2016, tr. 130-133 |
| 920 | # | # | |a Phòng Tạp chí -- Trung tâm Thông tin - Thư viện Trường Đại học Đà Lạt |
| 994 | # | # | |a DLU |
| 900 | # | # | |a True |
| 911 | # | # | |a Trần Thị Minh Hương |
| 925 | # | # | |a G |
| 926 | # | # | |a A |
| 927 | # | # | |a BB |
| 980 | # | # | |a Thư viện Trường Đại học Đà Lạt |